Globalización: conceptos, características y contradicciones /
El objetivo del artículo consiste en promover tanto la reflexión como la discusión con respecto a: ¿Qué se entiende por globalización? ¿De qué trata la Globalización? ¿Cuáles son sus principales características y contradicciones? Se le da prioridad a aquellos aspectos que han sido desarrollados de m...
Spremljeno u:
| Glavni autor: | |
|---|---|
| Format: | Tekst |
| Teme: | |
| Oznake: |
Dodaj oznaku
Bez oznaka, Budi prvi tko označuje ovaj zapis!
|
MARC
| LEADER | 00000 a a2200000 04500 | ||
|---|---|---|---|
| 001 | 46431 | ||
| 003 | |||
| 040 | |||
| 100 | |a Morales Abarca, Fernando | ||
| 245 | |a Globalización: |b conceptos, características y contradicciones / |c Fernando Morales Abarca | ||
| 520 | |a El objetivo del artículo consiste en promover tanto la reflexión como la discusión con respecto a: ¿Qué se entiende por globalización? ¿De qué trata la Globalización? ¿Cuáles son sus principales características y contradicciones? Se le da prioridad a aquellos aspectos que han sido desarrollados de manera escrita por destacados investigadores contemporáneos en el campo de las ciencias sociales. | ||
| 590 | |a RRH/DICIEMBRE2014 | ||
| 650 | |a 1. GLOBALIZACION | ||
| 650 | |a 2. TEORIA SOCIAL | ||
| 650 | |a 3. CIENCIAS SOCIALES | ||
| 650 | |a 4. NEOLIBERALISMO | ||
| 773 | |g volumen24, número1 ( , 2000), páginas 7-12 | ||
| 999 | |c 37850 |d 37850 | ||
